Statistics for Donald Glover Filmography

Click here to take the quiz!

General Stats

  • This quiz has been taken 70 times
    (13 since last reset)
  • The average score is 15 of 87

Answer Stats

TypeYearName% Correct
TV Show2016-2022Atlanta
85%
TV Show2009-2014Community
85%
Film2024Community: The Movie
77%
Film2017Spider-Man: Homecoming
69%
Film2018Solo: A Star Wars Story
62%
Web Series2023Mr. & Mrs. Smith
54%
Film2019The Lion King
54%
TV Show2006-201230 Rock
46%
Film2019Guava Island
46%
Film2023Spider-Man: Across the Spider-Verse
46%
TV Show2018Saturday Night Live
38%
Stand-Up Special2012Donald Glover: Weirdo
31%
Film2015Magic Mike XXL
31%
Web Series2023Swarm
31%
Film2015The Martian
31%
TV Show2013, 2016Adventure Time
23%
Web Mini-Series2023Adventure Time: Fionna & Cake
23%
Film2014Alexander and the Terrible, Horrible, No Good, Very Bad Day
23%
Film2009Mystery Team
23%
Film2011The Muppets
23%
Short Film2013Clapping for the Wrong Reasons
15%
TV Show2011Regular Show
15%
TV Show2010Robot Chicken
15%
Film2018Spider-Man: Into the Spider-Verse
15%
TV Show2015Ultimate Spider-Man
15%
Short Film2007Ad Campaign
8%
Short Film2007B-Boy Stance
8%
Short Film2011Best Coast: Our Deal
8%
Short Film2006Black Peter Pan
8%
Short Film2009Boy Band
8%
TV Show2007Bronx World Travelers
8%
Short Film2006Bro Rape: A Newsline Investigative Report
8%
Short Film2006Celebrity
8%
Short Film2014Chicken and Futility
8%
TV Show2015China, IL
8%
Web Series2007-2011CollegeHumor Originals
8%
TV Show2010Comedy Central Presents
8%
Short Film2012Community: Abed's Master Key
8%
TV Mini-Series2010Community: Study Break
8%
Short Film2020Community Table Read
8%
Short Film2006Diet Coke with Lime Ad
8%
Web Mini-Series2019Donald Glover Presents
8%
Short Film2009Don't Jerk Off to This
8%
Short Film2006Drunk Baby
8%
Short Film2007Emo Song
8%
Short Film2007Foreigner
8%
Short Film2007Funny
8%
Short Film2010GINK
8%
TV Show2013Girls
8%
Short Film2006Girls Are Not to Be Trusted
8%
Short Film2007Guns
8%
Short Film2006He Really Gave It to Me
8%
Short Film2007Hip Hop
8%
TV Show2007Human Giant
8%
Short Film2009I Am Tiger Woods
8%
Short Film2007Jazz Man
8%
Short Film2007Jerry
8%
Short Film2006Keyboard Key
8%
Short Film2006KP
8%
FilmTBALando
8%
TV Show2005Late Night with Conan O'Brien
8%
Short Film2006Little Drummer Boy
8%
Short Film2007Mafia
8%
Short Film2007Memory Loss
8%
Film2019Men in Black: International
8%
Short Film2011Moves: The Rise and Rise of the New Pornographers
8%
Short Film2006Movie Executive Dad
8%
Short Film2009Mystery Team Adventures: The Case of the Haunted Hotel
8%
Short Film2007New Bike
8%
Short Film2006Opposite Day
8%
Short Film2007Party Dudes
8%
Short Film2006Progressions of a Mad Hatter
8%
TV Film2010Robot Chicken: Star Wars III
8%
Short Film2007Rookie
8%
Short Film2006Self Defense
8%
TV Show2013Sesame Street
8%
Film2014Sesame Street: Learning Rocks
8%
Short Film2007Shouting Homeless Realtor
8%
TV Show2023The Eric Andre Show
8%
Film2015The Lazarus Effect
8%
Film2013The To Do List
8%
Short Film2010Thomas Jefferson
8%
Short Film2006Tracing the Call
8%
Web Series2007UCB Comedy Originals
8%
Short Film2007Wink
8%
TV Film1998Winner Takes All
8%
Short Film2007WQXR: The Cool Breeze
8%

Score Distribution

Percentile by Number Answered

Percent of People with Each Score

Your Score History

You have not taken this quiz since the last reset